|
|
|
|
| LEADER |
00000nab a2200000 a 4500 |
| 001 |
vtls000040738 |
| 003 |
SK-MaSNL |
| 005 |
20260304061354.0 |
| 008 |
250422c1979 xo 0 slo |
| 015 |
|
|
|a SNBRB19rr/mm-uuuuu
|
| 035 |
|
|
|a CL0050833
|
| 035 |
|
|
|a urn:nbn:sk:snk-ab13c
|
| 035 |
|
|
|a (urnnbn)urn:nbn:sk:snk:ar-a03b61
|
| 035 |
|
|
|a (uuid)c16f0d7b-b9dd-459b-8d08-464571550d1e
|
| 040 |
|
|
|a SNKBUCL
|b slo
|c SNKBUCL
|e AACR2
|
| 041 |
0 |
|
|a slo
|
| 044 |
|
|
|a xo
|c SK
|
| 080 |
|
|
|a 617.7
|2 1981
|
| 080 |
|
|
|a 616
|2 1981
|
| 100 |
1 |
|
|a Zikmund, Vladislav,
|d 1925-
|4 aut
|9 150571
|
| 245 |
1 |
0 |
|a Analýza rýchlych zložiek optokinetického nystagmu pomocou intervalových histogramov pri predĺženom vnímaní pohybu optických podnetov
|c Vladislav Zikmund
|
| 300 |
|
|
|b Obr. 6. Res. rus., angl., nem.
|
| 650 |
0 |
7 |
|a optokinetický nystagmus
|2 snkbucl
|9 1232283
|
| 655 |
|
7 |
|a články z novín a časopisov
|2 snkbucl
|9 267496
|
| 773 |
0 |
|
|t Bratislavské lekárske listy
|g Roč. 72, č. 2 (1979), s. 169-180
|
| 850 |
|
|
|a Slovenská národná knižnica
|
| 852 |
|
|
|a Slovenská národná knižnica
|
| 954 |
|
|
|a odborná, vedecká literatúra pôvodná (slovenská)
|2 lita
|
| 958 |
|
|
|a article27
|
| 958 |
|
|
|a RK
|
| 958 |
|
|
|a MI
|
| 958 |
|
|
|a OND
|
| 958 |
|
|
|a EUIPO
|
| 992 |
|
|
|a RBX
|
| 999 |
|
|
|c 2732621
|d 2734551
|